Word Ladder: Christmas Songs Quiz Stats

Quiz Updated Dec 1, 2015

Challenge
Share
Tweet
Embed
Score 0/28 Timer 03:00
0 Plays Today
Hint 4-Letter Word % Correct
● Beach particles ●● SAND ●
98.5%
Military vehicleTANK
93%
● Snake sound ●● HISS ●
92.8%
10 centsDIME
92.8%
Ice cream holderCONE
92.1%
What Christmas carolers doSING
91.6%
Christmas candy shapeCANE
90.2%
Made like the TitanicSANK
89.6%
● Arrive ●● COME ●
88.9%
Breath freshenerMINT
88.6%
Turns down the lightsDIMS
88.4%
Show disrespect (slang)DISS
88%
● Small city ●● TOWN ●
86.9%
Sound of mindSANE
86.9%
Hint 4-Letter Word % Correct
Trigonometric functionSINE
86.8%
Hemispherical vault atop a buildingDOME
86.7%
● 'Merciless' Flash Gordon villain ●● MING ●
82.9%
Animated show, for shortTOON
82.2%
● Sound a horn ●● TOOT ●
80.6%
● Short, sharp nail ●● TACK ●
80.3%
SongbirdLARK
78.1%
___ Blanc: Pen manufacturerMONT
77.9%
AbsenceLACK
75.6%
Metallica drummer UlrichLARS
74.8%
● Rules ●● LAWS ●
74.5%
Open to debateMOOT
72.8%
Common breed or cultivar of avocadoHASS
71.9%
Partner of hemsHAWS
68.9%

Today's Daily Dose

You're not logged in!

Compare scores with friends on all Sporcle quizzes.
Join for Free
OR
Log In

You Might Also Like...

Show Comments

Extras

Top Quizzes Today


Score Distribution

Your Account Isn't Verified!

In order to create a playlist on Sporcle, you need to verify the email address you used during registration. Go to your Sporcle Settings to finish the process.

Report this User

Report this user for behavior that violates our Community Guidelines.

Details: